[Event "Mumbai Mayors Cup 1st"]
[Site "Mumbai"]
[Date "2008.05.18"]
[Round "10"]
[White "Bharat, Patel"]
[Black "Shashikant, Kutwal"]
[Result "0-1"]
[WhiteElo "1993"]
[BlackElo "2356"]
[PlyCount "88"]
[EventDate "2008.05.11"]
[EventType "swiss"]
[EventRounds "11"]
[EventCountry "IND"]
[SourceTitle "CBM 124 Extra"]
[Source "ChessBase"]
[SourceDate "2008.07.03"]
[SourceVersion "1"]
[SourceVersionDate "2008.07.03"]
[SourceQuality "1"]

1. d4 Nf6 2. Nf3 g6 3. c4 Bg7 4. g3 d6 5. Bg2 0-0 6. 0-0 Nc6 7. d5 Na5 8. Qd2 Bf5 9. Qc3 c5 10. Bd2 Ne4 11. Qc1 Nxd2 12. Nfxd2 a6 13. Nc3 Rb8 14. a4 Bh6 15. f4 Bg7 16. e4 Bd7 17. Re1 b5 18. axb5 axb5 19. cxb5 Bxb5 20. Kh1 Bd4 21. e5 dxe5 22. fxe5 Bd3 23. Ra2 Bf2 24. Rd1 Nc4 25. Nxc4 Bxc4 26. b3 Bxb3 27. Rxf2 Bxd1 28. Qxd1 Qa5 29. Ne4 Rb4 30. d6 Rd4 31. Qf3 Qa7 32. h4 c4 33. h5 Rxe4 34. Qxe4 Qxf2 35. dxe7 Rb8 36. h6 Qc5 37. Qh4 Qxe5 38. Bc6 Rb1+ 39. Kh2 Rb2+ 40. Kh3 Qf5+ 41. Qg4 Qf1+ 42. Bg2 Qxg2+ 43. Kh4 Qh1+ 44. Kg5 Qd5+ 0-1